000 01428nam a22002297a 4500
999 _c58940
_d58940
003 Ge_BSU
005 20221021130128.0
008 221021s2006 ge ||||| |||| 00| 0 geo d
020 _a9994027913
041 _ageo
080 _a27-36 წ-71
245 _aწმიდათა ცხოვრებანი :
_bწ. 2, ივლისი-დეკემბერი /
_c[წიგნის შედგენაზე მუშაობდნენ: დეკანოზი ზაქარია მაჩიტაძე, მანანა ბუკია, მაკა ბულია ; დაიბეჭდა... საქ. კათოლიკოს-პატრიარქის ილია II-ის ლოცვა-კურთხევით]
264 _aთბილისი:
_bბაკმი,
_c2006.
300 _a578 გვ.;
_b29 სმ.
500 _aდაიბეჭდა... საქ. კათოლიკოს-პატრიარქის ილია II-ის ლოცვა-კურთხევით
653 _aრელიგია
653 _aქრისტიანობა
700 _a მაჩიტაძე, ზაქარია
_eშემდგენელი
_915448
700 _aბუკია, მანანა
_eშემდგენელი
_915443
700 _aბულია, მაკა
_eშემდგენელი
_915444
942 _2udc
_cBK